| 000 | 00726naa a2200145Ia 4500 | ||
|---|---|---|---|
| 003 | ES-SlBCS | ||
| 005 | 20210601152144.0 | ||
| 008 | 140520s1989 xxu||||| |||| 00| 0 spa d | ||
| 041 | _aspa | ||
| 100 | 1 |
_aLópez-Cordón, María Victoria _9343816 |
|
| 245 | 0 | 0 |
_aLa historia inacabada _cMaría Victoria López-Cordón |
| 650 | 4 |
_aHistoria _92130 |
|
| 773 | 0 |
_tActas de las VII Jornadas de Investigación Interdisciplinaria : Vol. II : Mujeres y hombres en la formación del Pensamiento Occidental / Virginia Maqueira D'Angelo, Morant Gómez-Ferrer, Margarita Ortega López _dMadrid : Instituto Universitario de Estudios de la Mujer. Universidad Autónoma de Madrid, 1989 _g, págs. 103-114 _z84-7477-218-4 _wVA55444 |
|
| 942 | _cAC | ||
| 999 |
_c770322 _d770322 |
||